Sprievodca a delegát v cestovnom ruchu

Salvato in:
Dettagli Bibliografici
Autore principale: Novacká, Ľudmila, 1953-
Altri autori: Bauerová, Jana, Benčič, Stanislav, Ivanović, Vanja, Litomerický, Juraj, Magátová, Michaela, Matejko, Ľubor, Plesník, Pavol, 1956-, Staňo, Roman, Trefil, Peter
Natura: Libro
Lingua:slovacco
Pubblicazione: Bratislava Vydavateľstvo EKONÓM 2007
Soggetti:
Tags: Aggiungi Tag
Nessun Tag, puoi essere il primo ad aggiungerne!!

MARC

LEADER 00000nam$a2200000$$$4500
001 0064925
005 20240502071750.6
020 |a 978-80-225-2342-4 
041 0 |a slo 
044 |a SK 
245 1 0 |a Sprievodca a delegát v cestovnom ruchu  |c Ľudmila Novacká a kolektív 
264 1 |a Bratislava  |b Vydavateľstvo EKONÓM  |c 2007 
300 |a 380 s. 
610 2 0 |a ruch cestovný 
610 2 0 |a podnikanie 
610 2 0 |a sprievodcovia 
610 2 0 |a kancelárie cestovné 
610 2 0 |a doprava 
610 2 0 |a zariadenia ubytovacie 
610 2 0 |a stravovanie spoločné 
610 2 0 |a geografia 
610 2 0 |a poistenie 
100 1 |a Novacká, Ľudmila, 1953- 
700 1 |a Bauerová, Jana 
700 1 |a Benčič, Stanislav 
700 1 |a Ivanović, Vanja 
700 1 |a Litomerický, Juraj 
700 1 |a Magátová, Michaela 
700 1 |a Matejko, Ľubor 
700 1 |a Plesník, Pavol, 1956- 
700 1 |a Staňo, Roman 
700 1 |a Trefil, Peter